[Event "xxx"]
[Site ""]
[Date "1998.07.31"]
[Round "7"]
[White "THOMA, Robert"]
[Black "ZILBERMAN, Yaacov"]
[Result "0-1"]
[WhiteElo "2285"]
[BlackElo "2520"]
[PlyCount "118"]
[EventDate "1998.07.25"]

1. d4 Nf6 2. Nf3 d5 3. c4 dxc4 4. Qa4+ c6 5. Qxc4 Bf5 6. Nc3 Nbd7 7. g3 e6 8.
Bg2 Be7 9. O-O O-O 10. Bg5 h6 11. Bxf6 Nxf6 12. Ne5 Qb6 13. Na4 Qc7 14. Nc5
Rfd8 15. b4 Bd6 16. Qc3 Bh7 17. Rac1 Rac8 18. Nc4 Bf8 19. Qb2 Nh5 20. Ne5 b6
21. Ncd3 Qb7 22. e4 Nf6 23. f3 Rc7 24. Rc2 Rdc8 25. Rfc1 Ne8 26. a4 Nd6 27. Qb3
g5 28. Bh3 Bg7 29. b5 cxb5 30. Rxc7 Rxc7 31. Rxc7 Qxc7 32. axb5 h5 33. g4 hxg4
34. Bxg4 Kh8 35. Qb4 Bf8 36. Bh3 Kg7 37. Qd2 f6 38. Bxe6 38... Nxb5 { } 39. d5
Nd4 40. Kg2 Nxe6 41. dxe6 Qd6 42. Ng4 Qxe6 43. Ndf2 Bd6 44. h4 Bf4 45. Qd4 gxh4
46. Nd3 Bg5 47. Nb4 Bg6 48. Nd5 Qd6 49. e5 fxe5 50. Nxe5 Bf6 51. f4 Bf7 52.
Nxf7 Kxf7 53. Qc4 Qe6 54. f5 Qxf5 55. Nxb6+ Kg7 56. Nd5 h3+ 57. Kg3 Be5+ 58.
Kh4 h2 59. Qc1 h1=Q+ 0-1

[Event "xxx"]
[Site ""]
[Date "1998.07.31"]
[Round "7"]
[White "WOHLFAHRT, Herbert jun."]
[Black "KOUTSIN, Sergej"]
[Result "1/2-1/2"]
[WhiteElo "2265"]
[BlackElo "2415"]
[PlyCount "92"]
[EventDate "1998.07.25"]

1. d4 d5 2. c4 e6 3. Nf3 c6 4. Qc2 dxc4 5. Qxc4 b5 6. Qb3 Nf6 7. g3 Bb7 8. Bg2
a6 9. a4 b4 10. O-O c5 11. dxc5 Bxc5 12. Be3 Bd5 13. Qd3 Bxe3 14. Qxe3 O-O 15.
Nbd2 Nbd7 16. Rfc1 Rc8 17. Qd4 Qb6 18. Qxb6 Nxb6 19. a5 Rxc1+ 20. Rxc1 Na4 21.
Ne5 Bxg2 22. Kxg2 Nxb2 23. Rb1 Na4 24. Rxb4 Nc5 25. Rc4 Nfd7 26. Nxd7 Nxd7 27.
Rc7 Nb8 28. Ne4 f6 29. Ra7 29... h5 { } 30. h4 Kh7 31. Nd6 Kg6 32. Re7 e5 33.
Rc7 Rd8 34. Nc4 Rd7 35. Rc8 Rb7 36. Nb6 Nd7 37. Nxd7 Rxd7 38. Rc6 Ra7 39. Kf3
Kf5 40. e4+ Kg6 41. Ke3 Kf7 42. f4 Rb7 43. Rb6 Rc7 44. fxe5 fxe5 45. Rxa6 Rc3+
46. Kf2 Rc2+ 1/2-1/2

[Event "xxx"]
[Site ""]
[Date "1998.07.31"]
[Round "7"]
[White "DANNER, Georg"]
[Black "EBNER, Hubert"]
[Result "1-0"]
[WhiteElo "2340"]
[BlackElo "2275"]
[PlyCount "131"]
[EventDate "1998.07.25"]

1. d4 Nf6 2. Nf3 g6 3. c4 Bg7 4. Nc3 O-O 5. e4 d6 6. Be2 e5 7. d5 a5 8. Be3 Ng4
9. Bg5 f6 10. Bh4 Na6 11. Nd2 h5 12. a3 Bd7 13. Rb1 Nc5 14. b4 axb4 15. axb4
Na4 16. Qc2 Nxc3 17. Qxc3 g5 18. Bg3 f5 19. f3 Nh6 20. c5 f4 21. Bf2 g4 22. Nc4
gxf3 23. gxf3 Bh3 24. Ra1 Rxa1+ 25. Qxa1 Bf6 26. Kd2 Nf7 27. cxd6 cxd6 28. Bf1
Bd7 29. Qa5 Qe7 30. Nb6 Kh7 31. h4 Rg8 32. Nxd7 Qxd7 33. Bh3 Qe7 34. Qb5 Ra8
35. Qc4 b5 36. Qc2 Qb7 37. Rc1 Bd8 38. Qc6 Ra2+ 39. Rc2 Qa6 40. Qxa6 Rxa6 41.
Bd7 Ra3 42. Be8 Kg7 43. Ke2 Rb3 44. Bxb5 Rxb4 45. Be8 Rb3 46. Ra2 Kf8 47. Ba4
Rc3 48. Rb2 Ke7 49. Rb7+ Rc7 50. Rb8 Rc4 51. Ra8 Rc3 52. Ra7+ Rc7 53. Ra6 Rc3
54. Bd1 Rc7 55. Kd3 Rb7 56. Bc2 Rc7 57. Be1 Rb7 58. Kc4 Bb6 59. Ba4 Bc5 60. Bb5
Ra7 61. Rc6 Kd8 62. Ba6 Ke7 63. Kb5 Nd8 64. Rc8 Kd7 65. Ba5 { } 65... Nb7 66.
Rc7+ 1-0

[Event "xxx"]
[Site ""]
[Date "1998.07.31"]
[Round "7"]
[White "BRANDNER, Stefan"]
[Black "KARLUSCH, Albrecht"]
[Result "1-0"]
[WhiteElo "2340"]
[BlackElo "2185"]
[PlyCount "77"]
[EventDate "1998.07.25"]

1. e4 e6 2. d4 d5 3. Nd2 Nf6 4. e5 Nfd7 5. Bd3 c5 6. c3 Nc6 7. Ne2 cxd4 8. cxd4
f6 9. exf6 Nxf6 10. Nf3 Bd6 11. O-O O-O 12. Bf4 Bxf4 13. Nxf4 Ne4 14. Qc1 Qf6
15. Ne2 Nd6 16. Qc5 Nf5 17. b4 Nce7 18. Ne5 b6 19. Qc7 Ng6 20. f4 Nxe5 21. dxe5
Qe7 22. Qxe7 Nxe7 23. Rac1 a5 24. Rc7 Rf7 25. b5 g6 26. Rfc1 { } 26... Kf8 27.
Nd4 Ke8 28. g3 Bd7 29. Bf1 Kd8 30. Bh3 Nf5 31. Bxf5 gxf5 32. Rb7 Rc8 33. Rxc8+
Kxc8 34. Rxb6 Re7 35. Kf2 Kc7 36. Ra6 Kb7 37. a4 Bc8 38. Nc6 Rc7 39. Nxa5+ 1-0

[Event "xxx"]
[Site ""]
[Date "1998.07.31"]
[Round "7"]
[White "WERNDL, Erich Mag."]
[Black "PINGITZER, Harald"]
[Result "0-1"]
[WhiteElo "2105"]
[BlackElo "2300"]
[PlyCount "56"]
[EventDate "1998.07.25"]

1. e4 c6 2. d4 d5 3. exd5 cxd5 4. c4 Nf6 5. Nc3 Nc6 6. Nf3 Bg4 7. cxd5 Nxd5 8.
Be2 e6 9. O-O Be7 10. Ne4 Qb6 11. Ne5 Bxe2 12. Qxe2 Qxd4 13. Nc4 Nb6 14. Ncd6+
Bxd6 15. Rd1 Bxh2+ 16. Kxh2 Qe5+ 17. f4 Qc7 18. Nd6+ Kf8 19. Be3 Nd5 20. Bc5
Kg8 21. g3 h5 22. Kg2 h4 23. Rh1 Rh6 24. Qe4 Rd8 25. Nc4 Na5 26. Nxa5 Qxa5 27.
b4 Qa3 28. Bd4 28... Qxg3+ { } 0-1

[Event "xxx"]
[Site ""]
[Date "1998.07.31"]
[Round "7"]
[White "KUBA, Guenter"]
[Black "BALINOV, Ilia"]
[Result "1-0"]
[WhiteElo "2235"]
[BlackElo "2450"]
[PlyCount "49"]
[EventDate "1998.07.25"]

1. e4 c5 2. Nf3 d6 3. Bb5+ Nd7 4. d4 Ngf6 5. Nc3 a6 6. Bxd7+ Nxd7 7. dxc5 Nxc5
8. Be3 Nd7 9. Qd2 e6 10. Bf4 Qc7 11. O-O-O b5 12. Bxd6 Bxd6 13. Qxd6 Qxd6 14.
Rxd6 Bb7 15. Ng5 h6 16. Nxf7 Rf8 17. Ne5 Nxe5 18. Rxe6+ Kd7 19. Rxe5 Rxf2 20.
Rd1+ Kc6 21. Re6+ Kc5 22. a3 Rxg2 23. b4+ Kc4 24. Re7 Rc8 25. Red7 { } 1-0

[Event "xxx"]
[Site ""]
[Date "1998.07.31"]
[Round "7"]
[White "ZIMMERMAN, Yuri"]
[Black "NAIDITSCH, Arkadij"]
[Result "1-0"]
[WhiteElo "2340"]
[BlackElo "2390"]
[PlyCount "145"]
[EventDate "1998.07.25"]

1. d4 Nf6 2. c4 g6 3. Nc3 Bg7 4. e4 d6 5. f4 O-O 6. Nf3 c5 7. dxc5 Qa5 8. Bd3
Qxc5 9. Qe2 Nc6 10. Be3 Qh5 11. h3 Qa5 12. Qd2 a6 13. O-O b5 14. Rfd1 Be6 15.
cxb5 axb5 16. Nxb5 Nb4 17. Nc3 Nxd3 18. Qxd3 Rab8 19. Qe2 Rfe8 20. Bd4 Bc4 21.
Qd2 { } 21... Red8 22. Nd5 Qb5 23. Nxf6+ Bxf6 24. Bxf6 exf6 25. b3 Be6 26. Nd4
Qb6 27. Qf2 Bc8 28. Ne2 Qc6 29. Qd4 Bb7 30. Nc3 f5 31. Nd5 Qc5 32. Nf6+ Kg7 33.
Qxc5 dxc5 34. Nd7 Rbc8 35. exf5 gxf5 36. Nb6 Rxd1+ 37. Rxd1 Re8 38. Kf2 Re4 39.
g3 Rb4 40. Nc4 Ba6 41. Re1 Kf8 42. Re2 h5 43. h4 Bxc4 44. bxc4 Ra4 45. Rd2 Rxc4
46. Rd5 Rc2+ 47. Kf3 Rc3+ 48. Kf2 Rc2+ 49. Kf3 Rc3+ 50. Kg2 Rc2+ 51. Kh3 Rxa2
52. Rxf5 c4 53. Rxh5 c3 54. Rc5 c2 55. Rc7 Ke8 56. h5 Kd8 57. Rc3 Ke7 58. Kg4
Kf6 59. Rc6+ Kg7 60. Kg5 Ra5+ 61. Kh4 Ra2 62. Rc7 Kf6 63. g4 Rb2 64. Rc6+ Kg7
65. g5 Kh7 66. Kg4 Ra2 67. Rc7 Kg7 68. h6+ Kg8 69. Rc8+ Kh7 70. Kf5 Rb2 71. Kf6
Rb4 72. f5 Rb6+ 73. Kxf7 1-0

[Event "xxx"]
[Site ""]
[Date "1998.07.31"]
[Round "7"]
[White "MITTELBERGER, Peter Dr."]
[Black "LAKOS, Nikoletta"]
[Result "1/2-1/2"]
[WhiteElo "2230"]
[BlackElo "2385"]
[PlyCount "61"]
[EventDate "1998.07.25"]

1. e4 c5 2. Nf3 Nc6 3. d4 cxd4 4. Nxd4 g6 5. Nc3 Bg7 6. Be3 Nf6 7. Bc4 Qa5 8.
O-O O-O 9. Nb3 Qc7 10. f4 d6 11. Be2 a6 12. Qd2 b5 13. Nd5 Qb7 14. Bf3 Nxd5 15.
exd5 Nd8 16. Bd4 Qc7 17. Bxg7 Kxg7 18. Rae1 Rb8 19. Nd4 e6 20. dxe6 fxe6 21.
Bg4 Rf6 22. c3 b4 23. cxb4 Qb6 24. Qe3 Qxb4 25. b3 Qb6 26. Kh1 e5 27. fxe5
Rxf1+ 28. Rxf1 Bxg4 29. Qf4 Nc6 30. Nxc6 Qxc6 31. Qf6+ {.} 1/2-1/2

[Event "xxx"]
[Site ""]
[Date "1998.07.31"]
[Round "7"]
[White "KNEUTGEN, Alexander"]
[Black "WITTMANN, Walter Dr."]
[Result "0-1"]
[WhiteElo "2205"]
[BlackElo "2380"]
[PlyCount "58"]
[EventDate "1998.07.25"]

1. e4 c5 2. Nc3 Nc6 3. g3 g6 4. Bg2 Bg7 5. d3 d6 6. f4 e6 7. Nf3 Nge7 8. O-O
O-O 9. Be3 b6 10. d4 Ba6 11. Rf2 Qc7 12. Qd2 Rac8 13. Ne2 Na5 14. b3 cxd4 15.
Nexd4 15... e5 { } 16. f5 exd4 17. Nxd4 Qc3 18. Rd1 Qxd2 19. Rdxd2 Be5 20. Bh6
Rfe8 21. Bh3 Rc7 22. f6 Nec6 23. Nf5 Bc8 24. Ng7 Rd8 25. Bxc8 Rdxc8 26. Nf5 Nb7
27. Bg7 gxf5 28. Rxf5 Ne7 29. Rg5 Ng6 0-1

[Event "xxx"]
[Site ""]
[Date "1998.07.31"]
[Round "7"]
[White "KRUMPACNIK, Domen"]
[Black "OSTROWSKI, Andrzej"]
[Result "0-1"]
[WhiteElo "2380"]
[BlackElo "2245"]
[PlyCount "104"]
[EventDate "1998.07.25"]

1. d4 d5 2. c4 e6 3. Nc3 Nf6 4. Bg5 Be7 5. e3 h6 6. Bh4 O-O 7. cxd5 exd5 8. Bd3
c6 9. Nge2 Nbd7 10. Qc2 Re8 11. O-O Nf8 12. a3 Nh5 13. Bxe7 Qxe7 14. b4 a6 15.
Rab1 Qh4 16. a4 Ne6 17. Ng3 g6 18. b5 Nf6 19. bxc6 bxc6 20. Rfe1 Re7 21. a5 Ng5
22. f3 Bd7 23. Nf1 Ne6 24. Ne2 Kg7 25. Neg3 Ree8 26. Qf2 Kg8 27. Rec1 c5 28.
dxc5 { } 28... Rec8 29. e4 Nf4 30. Bc2 Bh3 31. Ne2 31... Nxg2 { } 32. Qxh4 Nxh4
33. exd5 Nxf3+ 34. Kf2 Bxf1 35. Kxf3 Bxe2+ 36. Kxe2 Rxc5 37. Bb3 Rxa5 38. Ra1
Rxa1 39. Rxa1 Rd8 40. Ra5 Rd6 41. Kd3 Nd7 42. Kd4 Kf8 43. Ba4 Ke7 44. Bc6 Nb8
45. Kc5 Nxc6 46. dxc6 Rd2 47. Kb6 Kd6 48. Rxa6 Rb2+ 49. Ka7 Kc7 50. h4 h5 51.
Ka8 Rb8+ 52. Ka7 Rb4 0-1

[Event "xxx"]
[Site ""]
[Date "1998.07.31"]
[Round "7"]
[White "LENDWAI, Reinhard"]
[Black "DEUTSCH, Ludwig"]
[Result "1/2-1/2"]
[WhiteElo "2375"]
[BlackElo "2180"]
[PlyCount "36"]
[EventDate "1998.07.25"]

1. Nf3 c5 2. g3 Nc6 3. Bg2 g6 4. O-O Bg7 5. c4 e6 6. Nc3 Nge7 7. d4 cxd4 8. Nb5
O-O 9. Nfxd4 Nxd4 10. Nxd4 d5 11. cxd5 Nxd5 12. Nb3 Qe7 13. e4 Nb6 14. Qe2 Bd7
15. Be3 Rfc8 16. Rac1 Na4 17. e5 Qb4 18. Bd2 18... Qb6 {.} 1/2-1/2

[Event "xxx"]
[Site ""]
[Date "1998.07.31"]
[Round "7"]
[White "SANDHU, Mario"]
[Black "KISS, Attila"]
[Result "1-0"]
[WhiteElo "2190"]
[BlackElo "2340"]
[PlyCount "61"]
[EventDate "1998.07.25"]

1. b3 e5 2. Bb2 Nc6 3. e3 d5 4. Bb5 Bd6 5. Nf3 Qe7 6. d4 e4 7. Ne5 Bxe5 8. dxe5
Be6 9. Qd4 Qg5 10. Nc3 Nge7 11. O-O-O O-O 12. Bxc6 Nxc6 13. Qc5 d4 14. Nxe4
Qxg2 15. Ng3 b6 16. Qb5 dxe3 17. fxe3 Rfd8 18. e4 Ne7 19. Rdg1 Qd2+ 20. Kb1 a6
21. Qf1 Rd7 22. h4 Kh8 23. Nf5 { } 23... Bxf5 24. exf5 Nd5 25. e6 fxe6 26. fxe6
Re7 27. Qf3 c6 28. Rxg7 Rxg7 29. Rg1 Rag8 30. Bxg7+ Rxg7 31. Qf8+ { } 1-0

[Event "xxx"]
[Site ""]
[Date "1998.07.31"]
[Round "7"]
[White "KRANZ, Armin"]
[Black "ZSINKA, Laszlo"]
[Result "1-0"]
[WhiteElo "2185"]
[BlackElo "2340"]
[PlyCount "77"]
[EventDate "1998.07.25"]

1. d4 Nf6 2. Nf3 e6 3. c4 b6 4. g3 Bb7 5. Bg2 Bb4+ 6. Bd2 Be7 7. Nc3 O-O 8. O-O
d5 9. Bg5 Ne4 10. Bxe7 Qxe7 11. Ne5 Rd8 12. cxd5 exd5 13. Rc1 Na6 14. Qa4 c5
15. e3 Qe6 16. Rfd1 h5 17. h4 f6 18. Nf3 Qg4 19. a3 Qf5 20. Qc2 g5 21. dxc5
Naxc5 22. b4 Ne6 23. Ne2 gxh4 24. Ned4 Nxd4 25. Nxd4 Qg4 26. f3 Qxg3 27. Nf5
Qg5 28. fxe4 h3 29. exd5 Kh8 30. e4 Rac8 31. Qb2 Rg8 32. Rxc8 Bxc8 33. Rd2 Bxf5
34. exf5 Qxf5 35. d6 { } 35... h2+ 36. Kh1 h4 37. Rf2 Qe6 38. Qxf6+ Qxf6 39.
Rxf6 1-0

[Event "xxx"]
[Site ""]
[Date "1998.07.31"]
[Round "7"]
[White "WADSACK, Wolfgang"]
[Black "GAERTNER, Guntram"]
[Result "1/2-1/2"]
[WhiteElo "2180"]
[BlackElo "2340"]
[PlyCount "22"]
[EventDate "1998.07.25"]

1. e4 c5 2. c3 e6 3. d4 d5 4. exd5 exd5 5. Be3 c4 6. Nf3 Bd6 7. b3 cxb3 8. axb3
Ne7 9. Bd3 Bf5 10. O-O O-O 11. Bxf5 11... Nxf5 {.} 1/2-1/2

[Event "xxx"]
[Site ""]
[Date "1998.07.31"]
[Round "7"]
[White "AMANN, Guenter"]
[Black "OLLE, Peter"]
[Result "1/2-1/2"]
[WhiteElo "2260"]
[BlackElo "2160"]
[PlyCount "49"]
[EventDate "1998.07.25"]

1. e4 c5 2. Nf3 Nc6 3. d4 cxd4 4. Nxd4 Nf6 5. Nc3 d6 6. Bc4 e6 7. Be3 Be7 8.
Qe2 a6 9. O-O-O Qc7 10. Bb3 Na5 11. g4 b5 12. g5 Nxb3+ 13. axb3 Nd7 14. h4 b4
15. Na4 Nc5 16. h5 { } 16... Bd7 17. g6 Nxb3+ 18. Nxb3 Bxa4 19. Nd4 Bf6 20.
gxf7+ Kxf7 21. f4 Rhc8 22. Rd2 Qc4 23. Kb1 Bxd4 24. Qxc4 Rxc4 25. Bxd4 { }
1/2-1/2

[Event "xxx"]
[Site ""]
[Date "1998.07.31"]
[Round "7"]
[White "SCHIEDER, Andreas"]
[Black "HOLZER, Gerhard"]
[Result "0-1"]
[WhiteElo "2145"]
[BlackElo "2255"]
[PlyCount "91"]
[EventDate "1998.07.25"]

1. d4 d6 2. e4 Nf6 3. Nc3 g6 4. h3 a6 5. a4 b6 6. g3 Bb7 7. Bg2 Nbd7 8. Nge2
Bg7 9. O-O Rb8 10. Be3 O-O 11. Qd2 b5 12. axb5 axb5 13. Ra7 b4 14. Nd5 Nxd5 15.
exd5 Nb6 16. Qxb4 Nxd5 17. Qc4 Nxe3 18. fxe3 Bxg2 19. Kxg2 c5 20. dxc5 dxc5 21.
Nf4 Qd6 22. Nd3 Bxb2 23. Rf2 Be5 24. Ra6 Qc7 25. Qxc5 Qb7+ 26. Qc6 Bd6 27. c4
Qb3 28. Qe4 Rbc8 29. Rb2 Qc3 30. Ra4 Rcd8 31. Raa2 Bxg3 32. Nb4 Qe1 33. Nd5 Bd6
34. Qg4 h5 35. Qg5 Rb8 36. Nxe7+ Bxe7 37. Qxe7 Rbe8 38. Qg5 Rxe3 39. Rf2 h4 40.
Qxh4 Rfe8 41. Qf6 41... R3e7 { } 42. Rae2 Qxe2 43. Rxe2 Rxe2+ 44. Kf3 Re1 45.
Qd4 Rc8 46. Kg4 0-1

[Event "xxx"]
[Site ""]
[Date "1998.07.31"]
[Round "7"]
[White "TITZ, Heimo Dr."]
[Black "BADSTUEBER, Karl"]
[Result "1-0"]
[WhiteElo "2305"]
[BlackElo "2145"]
[PlyCount "71"]
[EventDate "1998.07.25"]

1. c4 Nf6 2. Nc3 c5 3. g3 g6 4. Bg2 Bg7 5. Nf3 O-O 6. O-O Nc6 7. d4 cxd4 8.
Nxd4 Nxd4 9. Qxd4 d6 10. Qd3 a6 11. Bd2 Bf5 12. e4 Be6 13. Rac1 Rc8 14. Nd5
Bxd5 15. cxd5 Qd7 16. b3 Rxc1 17. Rxc1 Rc8 18. Rc2 Ne8 19. h4 Rxc2 20. Qxc2 Qc7
21. Qxc7 Nxc7 22. Bh3 Bd4 23. Bc8 b6 24. Kf1 Kg7 25. Ke2 h6 26. Be1 e5 27. dxe6
fxe6 28. Kd3 e5 29. f4 h5 30. g4 hxg4 31. Bxg4 Bg1 32. f5 gxf5 33. Bxf5 Bh2 34.
Bf2 { } 34... d5 35. Bxb6 dxe4+ 36. Bxe4 1-0

[Event "xxx"]
[Site ""]
[Date "1998.07.31"]
[Round "7"]
[White "HERBST, Daniel"]
[Black "KLEISSL, Helmut"]
[Result "0-1"]
[WhiteElo "2135"]
[BlackElo "2300"]
[PlyCount "76"]
[EventDate "1998.07.25"]

1. e4 d6 2. d4 Nf6 3. Nc3 g6 4. Bg5 Bg7 5. f3 c6 6. Qd2 h6 7. Be3 b5 8. a3 Nbd7
9. Nh3 Qc7 10. Be2 a6 11. O-O c5 12. dxc5 Nxc5 13. Nf4 Bb7 14. a4 b4 15. Ncd5
Nxd5 16. Nxd5 Bxd5 17. Qxd5 O-O 18. Bxc5 dxc5 19. Rab1 Rfd8 20. Qb3 Rd2 21. Bc4
e6 22. g3 Bd4+ 23. Kh1 Qe5 24. Rbd1 Rxd1 25. Rxd1 a5 26. Qd3 Bxb2 27. f4 Qd4
28. Qxd4 cxd4 29. Bb3 Kf8 30. Kg2 Ke7 31. Kf3 g5 32. h3 Rg8 33. Bc4 h5 34. Bb3
gxf4 35. Kxf4 f6 36. Bc4 Bc3 37. Bb3 d3 38. Rxd3 38... Be5+ {Klappe  } 0-1

[Event "xxx"]
[Site ""]
[Date "1998.07.31"]
[Round "7"]
[White "GRABHER, Heinz"]
[Black "HALSER, Walter"]
[Result "1-0"]
[WhiteElo "2285"]
[BlackElo "2090"]
[PlyCount "107"]
[EventDate "1998.07.25"]

1. e4 e5 2. Nf3 Nc6 3. Bc4 Bc5 4. c3 Qe7 5. d3 d6 6. Nbd2 Nf6 7. O-O h6 8. Bb3
Nd8 9. d4 Bb6 10. Nc4 Nc6 11. Ba4 O-O 12. dxe5 Nxe5 13. Nfxe5 dxe5 14. Nxb6
axb6 15. Bc2 Bd7 16. Qe2 Bc6 17. b4 Rfd8 18. a3 b5 19. Bb2 Rd7 20. Rfd1 Rad8
21. f3 Qe6 22. Rxd7 Qxd7 23. Rd1 Qe8 24. Rxd8 Qxd8 25. Bd3 Nh5 26. g3 Qe8 27.
c4 bxc4 28. Bxc4 { } 28... Bd7 29. f4 Nf6 30. Bxe5 Ng4 31. Ba1 Be6 32. Bd3 Qc6
33. Qb2 Nf6 34. Qc3 Qa4 35. Bc2 Qa7+ 36. Kg2 Ne8 37. f5 Bd7 38. Qd4 Qxd4 39.
Bxd4 Nd6 40. Kf3 f6 41. Bb3+ Kf8 42. a4 Bc6 43. Bc5 Bxe4+ 44. Kf4 Bd3 45. Bd5
b6 46. Bxd6+ cxd6 47. a5 bxa5 48. bxa5 Ba6 49. Ke4 Ke7 50. Kd4 Kd8 51. Bc4 Bc8
52. a6 Kc7 53. a7 Bb7 54. Bd5 1-0

[Event "xxx"]
[Site ""]
[Date "1998.07.31"]
[Round "7"]
[White "NIELSEN, Max"]
[Black "VODEP, Otto DI."]
[Result "1/2-1/2"]
[WhiteElo "2275"]
[BlackElo "2105"]
[PlyCount "91"]
[EventDate "1998.07.25"]

1. e4 c6 2. d4 d5 3. e5 Bf5 4. Nc3 e6 5. g4 Bg6 6. Nge2 f6 7. h4 fxe5 8. h5 Bf7
9. dxe5 Nd7 10. f4 Qb6 11. Nd4 O-O-O 12. a3 c5 13. Nf3 Ne7 14. b4 cxb4 15. axb4
Nc6 16. b5 Bb4 17. bxc6 Bxc3+ 18. Bd2 Qe3+ 19. Be2 bxc6 20. Bxc3 Qxc3+ 21. Kf2
Kb7 22. Qb1+ Nb6 23. Qa2 Ra8 24. Rhb1 Rhf8 25. Rb3 Qc5+ 26. Kg2 Bg8 27. Ra3 a5
28. Rxa5 Rxa5 29. Qxa5 Qxa5 30. Rxa5 Rxf4 31. Kg3 Rb4 32. Ba6+ Kc7 33. Bd3 Kb7
34. h6 { } 34... gxh6 35. Ra1 Nd7 36. Rh1 Nc5 37. Rxh6 Nxd3 38. cxd3 c5 39. Rf6
Kc7 40. Ng5 Rb3 41. Rf8 Rb8 42. Nxh7 Bxh7 43. Rf7+ Kd8 44. Rf8+ Kc7 45. Rf7+
Kd8 46. Rf8+ 1/2-1/2

[Event "xxx"]
[Site ""]
[Date "1998.08.01"]
[Round "8"]
[White "LERNER, Konstantin"]
[Black "LANKA, Zigurds"]
[Result "1-0"]
[WhiteElo "2580"]
[BlackElo "2515"]
[PlyCount "169"]
[EventDate "1998.07.25"]

1. d4 Nf6 2. Nf3 g6 3. c4 Bg7 4. g3 O-O 5. Bg2 d6 6. Nc3 a6 7. O-O Nc6 8. h3
Bd7 9. e4 e5 10. Be3 exd4 11. Nxd4 Re8 12. Rc1 Nxd4 13. Bxd4 c5 14. Be3 Bc6 15.
Qd3 b5 16. Rfe1 bxc4 17. Qxc4 Nd7 18. b3 Qa5 19. Red1 Ne5 20. Qe2 Rad8 21. Nd5
Bxd5 22. Rxd5 Nc6 23. Rcd1 Qc7 24. Qc4 Qe7 25. h4 a5 26. Qa4 Nd4 27. Bg5 Bf6
28. Qxa5 Bxg5 29. hxg5 Ra8 30. Qd2 Ra3 31. Rb1 Rea8 32. Rb2 Qa7 33. e5 dxe5 34.
Rxe5 Rd8 35. Qe3 Rxa2 36. Re7 Ra1+ 37. Kh2 Qb8 38. Rb7 Qd6 39. Rd2 Raa8 40. Rd1
Rab8 41. Rxb8 Rxb8 42. Rd3 Kf8 43. Rc3 Rb4 44. Bf1 Nf5 45. Qf3 Nd4 46. Qa8+ Kg7
47. Bc4 Qe5 48. Qd5 Qxd5 49. Bxd5 Rb5 50. Re3 Kf8 51. Kg2 Rb6 52. Bc4 Rb7 53.
Kh3 Kg7 54. Re5 Rc7 55. Rd5 Nc2 56. Kg4 h6 57. gxh6+ Kxh6 58. Kf4 Nb4 59. Rd8
Nc6 60. Rd6 Kg7 61. g4 Na5 62. Ke5 Nc6+ 63. Ke4 Nb4 64. g5 Re7+ 65. Kf4 Rc7 66.
Rb6 { } 66... Rd7 67. Rb5 Rd4+ 68. Kf3 Rd7 69. Rxc5 f6 70. Rb5 Nc2 71. gxf6+
Kxf6 72. Rb6+ Ke5 73. Rxg6 Nd4+ 74. Kg4 Rb7 75. f4+ Ke4 76. Rg5 Ke3 77. Re5+
Kf2 78. Kg5 Rb6 79. Bd5 Rb5 80. f5 Nf3+ 81. Kf4 Rb4+ 82. Re4 Nd4 83. Bc4 Nxb3
84. Bxb3 Rxb3 85. f6 1-0

[Event "xxx"]
[Site ""]
[Date "1998.08.01"]
[Round "8"]
[White "PINGITZER, Harald"]
[Black "EINGORN, Vereslav"]
[Result "0-1"]
[WhiteElo "2300"]
[BlackElo "2610"]
[PlyCount "142"]
[EventDate "1998.07.25"]

1. Nf3 Nf6 2. d4 e6 3. c4 Bb4+ 4. Nbd2 d5 5. e3 a5 6. Bd3 O-O 7. O-O b6 8. Ne5
Bb7 9. Qc2 Nbd7 10. b3 c5 11. cxd5 Bxd2 12. Qxd2 Nxe5 13. dxe5 Qxd5 14. f4 Ne4
15. Qc2 Rad8 16. Rd1 Rd7 17. Bb2 Rfd8 18. Bc3 h6 19. Be1 Qc6 20. Bxe4 Qxe4 21.
Qxe4 Bxe4 22. Rxd7 Rxd7 23. Kf2 Rd3 24. Rc1 g5 25. g3 g4 26. Ke2 Rd8 27. Bd2
Kg7 28. Rc3 Kg6 29. a3 29... Bd5 { } 30. e4 Bxe4 31. b4 cxb4 32. axb4 a4 33.
Ke3 Bd5 34. Rd3 b5 35. Rc3 Bc4 36. Ra3 Kf5 37. Rc3 h5 38. Ra3 Bb3 39. Ra1 Rh8
40. Rc1 Bc4 41. Rc3 h4 42. Kd4 hxg3 43. hxg3 Ra8 44. Bc1 Rc8 45. Bd2 Rd8+ 46.
Ke3 Rd7 47. Ra3 Bb3 48. Ra1 Bd5 49. Ra3 Bc4 50. Rc3 Rd8 51. Ra3 Rh8 52. Rc3 Rh1
53. Bc1 Rd1 54. Bd2 Rb1 55. Rc1 Rb2 56. Bc3 Re2+ 57. Kd4 Re4+ 58. Kc5 Re3 59.
Be1 a3 60. Bf2 Rf3 61. Be1 a2 62. Ra1 Rd3 63. Kc6 Ke4 64. Kc5 Kf3 65. Kc6 Ke2
66. Kc5 Rf3 67. Kd6 Rf1 68. Bc3 Rxa1 69. Bxa1 Kf3 70. Ke7 Kxg3 71. Kxf7 Kxf4
0-1

[Event "xxx"]
[Site ""]
[Date "1998.08.01"]
[Round "8"]
[White "ZILBERMAN, Yaacov"]
[Black "RUCK, Robert"]
[Result "1/2-1/2"]
[WhiteElo "2520"]
[BlackElo "2485"]
[PlyCount "43"]
[EventDate "1998.07.25"]

1. d4 Nf6 2. Nf3 g6 3. c4 Bg7 4. Nc3 d5 5. Bg5 Ne4 6. cxd5 Nxg5 7. Nxg5 e6 8.
Qd2 exd5 9. Qe3+ Kf8 10. Nf3 c6 11. Qd2 Bf6 12. e3 a5 13. Be2 Kg7 14. O-O Bf5
15. Bd3 Bg4 16. Qe2 Nd7 17. Rfe1 Re8 18. h3 Bxf3 19. Qxf3 Qb6 20. Rab1 Be7 21.
Rec1 Nf6 22. Rc2 {.} 1/2-1/2

[Event "xxx"]
[Site ""]
[Date "1998.08.01"]
[Round "8"]
[White "STANEC, Nikolaus"]
[Black "DANNER, Georg"]
[Result "1-0"]
[WhiteElo "2495"]
[BlackElo "2340"]
[PlyCount "71"]
[EventDate "1998.07.25"]

1. d4 c5 2. d5 f5 3. g3 g6 4. Bg2 Bg7 5. Nc3 d6 6. e4 Bxc3+ 7. bxc3 fxe4 8.
Bxe4 Nf6 9. Bg2 Qa5 10. Ne2 Nbd7 11. O-O O-O 12. Nf4 Ne5 13. Ne6 Bxe6 14. dxe6
Rab8 15. Qe1 Kg7 16. h3 b5 17. f4 Nc4 18. g4 h6 19. Rf3 Qc7 20. Qh4 Ng8 21. f5
Ne5 22. Rf2 b4 23. g5 hxg5 24. Bxg5 Rxf5 25. Rxf5 gxf5 26. Qg3 Ng6 27. h4 { }
27... Kh7 28. Rf1 Rf8 29. h5 Ne5 30. Bh3 Nh6 31. Bxh6 Kxh6 32. Qf4+ Kxh5 33.
Bxf5 Rg8+ 34. Kf2 Qb7 35. Be4 Ng4+ 36. Ke1 1-0

[Event "xxx"]
[Site ""]
[Date "1998.08.01"]
[Round "8"]
[White "WITTMANN, Walter Dr."]
[Black "KRANZ, Armin"]
[Result "1-0"]
[WhiteElo "2380"]
[BlackElo "2185"]
[PlyCount "53"]
[EventDate "1998.07.25"]

1. e4 e5 2. Nf3 Nc6 3. Bb5 g6 4. c3 d6 5. d4 Bd7 6. Qb3 Na5 7. Qa4 c6 8. Be2 b5
9. Qc2 Bg7 10. dxe5 dxe5 11. O-O Ne7 12. a4 a6 13. Rd1 Qc7 14. Be3 Be6 15. Nbd2
O-O 16. b4 Nb7 17. Nb3 h6 18. Nc5 Nxc5 19. Bxc5 Rfd8 20. Rxd8+ Qxd8 21. Rd1 Qe8
22. Bd6 f6 23. c4 Bf8 24. Bc5 Nc8 25. Bxf8 Qxf8 26. cxb5 cxb5 27. Qc6 { } 1-0

[Event "xxx"]
[Site ""]
[Date "1998.08.01"]
[Round "8"]
[White "OSTROWSKI, Andrzej"]
[Black "ZIMMERMAN, Yuri"]
[Result "1/2-1/2"]
[WhiteElo "2245"]
[BlackElo "2340"]
[PlyCount "120"]
[EventDate "1998.07.25"]

1. d4 g6 2. e4 d6 3. c4 Bg7 4. Nc3 Nf6 5. f3 O-O 6. Be3 a6 7. Qd2 Nc6 8. Nge2
Rb8 9. h4 h5 10. O-O-O b5 11. Bh6 e5 12. Bxg7 Kxg7 13. dxe5 dxe5 14. Qg5 Qe7
15. Ng3 bxc4 16. Bxc4 Rh8 17. Nf5+ Bxf5 18. exf5 Qb4 19. Bb3 Qf4+ 20. Qxf4 exf4
21. fxg6 fxg6 22. Nd5 Na5 23. Bc2 Nxd5 24. Rxd5 Nc4 25. Rd7+ Kh6 26. Rxc7 Rhc8
27. Rxc8 Rxc8 28. Rd1 Ne3 29. Rd2 g5 30. Kb1 { } 30... Rc6 31. Be4 Re6 32.
hxg5+ Kxg5 33. Rd8 Kf6 34. Rh8 Rd6 35. a4 Rd2 36. Rxh5 Nc4 37. Rc5 Rxb2+ 38.
Kc1 Rb4 39. Rf5+ Kg7 40. Rxf4 Rxa4 41. Bd3 Ra1+ 42. Kc2 Ne5 43. Rf5 Nc6 44. Rc5
Nd4+ 45. Kc3 Ne6 46. Rf5 Ra3+ 47. Kc4 Ra4+ 48. Kb3 Ra1 49. Rd5 a5 50. g4 Nf4
51. Rd4 Ne6 52. Rd7+ Kf6 53. Bc4 Nc5+ 54. Kb2 Nxd7 55. Kxa1 Ke5 56. Kb2 Kd4 57.
Be2 Ke3 58. Bd1 Kd2 59. Bb3 Ke3 60. Bd1 Kd2 1/2-1/2

[Event "xxx"]
[Site ""]
[Date "1998.08.01"]
[Round "8"]
[White "KUBA, Guenter"]
[Black "KUMMER, Helmut"]
[Result "1/2-1/2"]
[WhiteElo "2235"]
[BlackElo "2315"]
[PlyCount "91"]
[EventDate "1998.07.25"]

1. e4 Nc6 2. Nc3 e5 3. g3 Nf6 4. Bg2 Bc5 5. h3 d6 6. d3 Be6 7. f4 exf4 8. Bxf4
Qe7 9. Nge2 Nh5 10. Qd2 Nxf4 11. Qxf4 O-O 12. O-O-O Nd4 13. Kb1 c6 14. Nxd4
Bxd4 15. Ne2 Bb6 16. d4 d5 17. exd5 Bxd5 18. Bxd5 cxd5 19. Nc3 Qd7 20. Qf3 Rad8
21. g4 Rfe8 22. Rhe1 Rxe1 23. Rxe1 f6 24. Qd3 Ba5 25. a3 a6 26. Re3 Bxc3 27.
Qxc3 Kf7 28. Qb3 Rc8 29. Qd3 g6 30. b3 b5 31. Qd2 Rc6 32. Kb2 Re6 33. Rf3 Kg7
34. h4 Re4 35. Rf4 Qe6 36. h5 gxh5 37. gxh5 Rxf4 38. Qxf4 Qe4 39. Qxe4 dxe4 40.
d5 f5 41. c4 f4 42. Kc3 bxc4 43. bxc4 f3 44. Kd2 f2 45. Ke2 e3 46. c5 { }
1/2-1/2